000 00340nam a2200121 a 4500
003 DO-SdBNP
005 20210528153126.0
008 150602s2004 000 spa d
040 _aDO-SdBNP
_bspa
_cDO-SdBNP
245 0 _aProyecto de aprovechamiento multiple del rio mao : presa de Monción.
260 _as. n.,
_cs. f.
942 _2ddc
_cLBS1
999 _c45421
_d45421